| Tag |
First Indicator |
Second Indicator |
Subfields |
| LEADER |
00000cam a2200000 a 4500 |
| 001 |
in00000007619 |
| 005 |
20151006050058.0 |
| 008 |
860624s1987 enkaf b 00110 eng |
| 010 |
|
|
|a 86016436
|
| 020 |
|
|
|a 0192117939 :
|c $33.75 (U.S.)
|
| 035 |
|
|
|a (OCoLC)13861183
|
| 035 |
|
|
|9 AAA2115AM
|
| 040 |
|
|
|a DLC
|c DLC
|d TXA
|d UtOrBLW
|
| 043 |
|
|
|a n-us-in
|
| 049 |
|
|
|a TXAM
|c [A12629338]
|
| 050 |
0 |
0 |
|a HX656.N5
|b T39 1987
|
| 082 |
0 |
|
|a 335/.9772/34
|2 19
|
| 100 |
1 |
|
|a Taylor, Anne.
|
| 245 |
1 |
0 |
|a Visions of harmony :
|b a study in nineteenth-century millenerianism /
|c Anne Taylor.
|
| 264 |
|
1 |
|a Oxford [Oxfordshire] :
|b Clarendon Press ;
|a New York :
|b Oxford University Press,
|c 1987.
|
| 300 |
|
|
|a 285 pages, 8 unnumbered pages of plates :
|b illustrations ;
|c 23 cm.
|
| 336 |
|
|
|a text
|b txt
|2 rdacontent
|
| 337 |
|
|
|a unmediated
|b n
|2 rdamedia
|
| 338 |
|
|
|a volume
|b nc
|2 rdacarrier
|
| 504 |
|
|
|a Bibliography: pages [269]-275.
|
| 500 |
|
|
|a Includes index.
|
| 651 |
|
0 |
|a New Harmony (Ind.)
|x History
|y 19th century.
|
| 600 |
1 |
0 |
|a Owen, Robert,
|d 1771-1858.
|
| 650 |
|
0 |
|a Millennialism
|z Indiana
|z New Harmony
|y 19th century.
|
| 999 |
|
|
|a MARS
|
| 999 |
f |
f |
|s 7e86c185-c5f9-3b91-9b18-0709967ac737
|i aba0d915-c8dd-320d-a62f-f75ab6b331fa
|t 0
|
| 952 |
f |
f |
|p ric
|a Texas A&M University
|b Rellis Campus
|c Joint Library Facility
|d Remote Storage
|t 0
|e HX656.N5 T39 1987
|h Library of Congress classification
|i unmediated -- volume
|m A14812629338
|
| 998 |
f |
f |
|a HX656.N5 T39 1987
|t 0
|l Remote Storage
|